Questions difficiles sur One Piece - Statistiques

Statistiques générales
  • Ce quiz a été pris 64 fois
  • Le résultat moyen est 13 sur 35
Statistiques - réponses
Question Réponse % Correct
Quel chiffre est étroitement lié à Barbe Noire ? 3
84%
Combien de temps dans le futur ont été projetés les Fourreaux Rouges par Toki ? 20 ans
71%
A quel niveau de la prison d'Impel Down se trouvaitEmporio Ivankov ? 5.5
67%
A quelle sous-classe de Zoan appartiennent les Fruits deKing, Drake ou encore Ulti ? Les Zoans Antiques
67%
Quel est le rôle exact de Jinbe au sein de l'Equipagede Luffy ? Timonier
67%
A quoi s'accrochent Doflamingo pour voler ? Les nuages
63%
Comment s'appelle l'attaque qui permet au Sunny de s'envolergrâce à l'énergie du cola ? Coup de Burst
61%
Quel était le nom de code de Vivi au sein du Baroque Works ? Miss Wednesday
57%
A combien s'élevait le prix du bois d'Adam acheté par Frankygrâce au trésor volé à l'équipage de Luffy ? 200 000 000 berries
55%
Qui est le capitaine de la 6ème flotte de la Grande Flottedu Chapeau de Paille ? Hajrudin
47%
Dans la signification du surnom des Amiraux, à quel animalet à quelle couleur est associé l'Amiral Fujitora ? Le tigre violet
47%
Quel est le nom de l'équipage de Bartolomeo ? Le Barto Club
43%
Quel évènement a conduit à la nomination de Law en tant queGrand Corsaire ? L'Incident de Rocky Port
43%
Comment s'appelle la technique ultime qui peut être réalisée grâce au Fruit du Bistouri ? L'opération de jouvence
43%
En quoi Rayleigh est-il devenu spécialiste depuis qu'il s'estinstallé sur Sabaody et s'est retiré de la vie de pirate ? En revêtement de bateau
37%
Quel était le surnom de Luffy après les évènements de Whole Cake Island ? Le Cinquième Empereur
37%
De quelle maladie Law souffrait-il quand il était enfant ? Le saturnisme blanc
35%
Comment les habitants des Iles Célestes appellent-ils la partie du monde située sous la surface des nuages ? La mer bleue
31%
Par quel surnom Law appelle-t-il Luffy ? Marchand de paille
31%
Comment s'appelle la gigantesque vague qui frappeWater Seven tous les ans ? L'Aqua Laguna
29%
Quel est le surnom de pirate de Zeff ? Zeff aux pieds rouges
27%
Quelle forme du Haki permet de prédire le futur ? Le Haki de l'Observation avancé
25%
Quelle est la partie d'Egghead qui contient le cerveau de Vegapunk ? Le Punk Records
25%
Quel est le nouveau nom de Drum, depuis que Wapol a été vaincu ? Le Royaume des Cerisiers
24%
Quel texte sacré racontant l'histoire de trois "âges" estconservé à Elbaf ? Le Haley
22%
Quel nom porte les tenues de combat des Vinsmoke ? Le Raid Suit
22%
En quel matériau est fabriqué le Général Franky ? Le wapométal
22%
Quels sont les finalistes qui ont affronté Diamante dans la phase finale du tournoi du Corrida Colosseum (par ordre alphabétique)? Bartolomeo Jesus BurgessRebecca Sabo
20%
Outre les Lunarias, les Skypiens et les Shandias, quel est ledernier peuple avec des ailes dans One Piece ? Les Bilcans
20%
Quel est le nom du journal tenu par Morgans ? Le World Economy Journal
20%
Quels Escargophones permettent de recevoir le signalde lancement d'un Buster Call ? Les Escargophones argentés
18%
Quelle était la première prime de Kaido (lorsqu'il était jeune) ? 70 000 000 berries
16%
Comment s'appelle le navire de Baggy ? Le Big Top
10%
Outre "L'île judiciaire", quel est l'autre surnom d'Enies Lobby ? L'île qui ne dort jamais
6%
Comment s'appellent les Escargophones utilisés à Wano ? Les Tanishi
4%
Aucun quiz correspondant
Distribution des résultats
% des personnes avec chaque résultat
Percentile par nombre de réponses
Votre historique - résultats
Vous n’avez pas pris ce quiz